Normal view
MARC view
Entry Personal Name
001 - CONTROL NUMBER
- control field: 1236586
003 - CONTROL NUMBER IDENTIFIER
- control field: OSt
005 - DATE AND TIME OF LATEST TRANSACTION
- control field: 20260430150137.0
008 - FIXED-LENGTH DATA ELEMENTS
- fixed length control field: 260430|| aca||aabn | a|a d
040 ## - CATALOGING SOURCE
- Original cataloging agency: OSt
- Transcribing agency: OSt
100 ## - HEADING--PERSONAL NAME
- Personal name: Yadav Karuna Au.; Raman Rajagopal Gu
670 ## - SOURCE DATA FOUND
- Source citation: Work cat.: (OSt)1849057: Yadav Karuna Au.; Raman Rajagopal Gu., Identification and characterization of putative interacting protein partners of dengue virus envelope (E) protein in the insect vector aedes aegypti, 2022
